000 00589nam a2200193 a 4500
005 20221209063610.0
008 991125s1972 mx 000 0 spa u
020 _a9682301912
035 _aUPN01000001226
049 _aCG
050 4 _aHM258
_bM3.2
100 1 _aMattelart, Armand,
_d1936-
245 1 0 _aAgresión desde el espacio :
_bcultura y napalm en la era de los satélites /
_cpor Armand Mattelart.
260 _aMéxico :
_bSiglo XXI,
_c1972.
300 _a200 p. :
_bil.
440 0 _aSociología y política
650 4 _aMedios masivos de comunicación
_99547
905 _aLibro
999 _c1226
_d1226